000 00330nam a2200133Ia 4500
008 240624s9999 xx 000 0 und d
041 _aeng
082 _a658.4 JOH
100 _aJOHRI AMIT
245 _aBUSINESS ANALYSIS
260 _c2010
_aMumbai
_bHimalaya Publishing House
300 _a438 : p. : cm. ; 24
365 _cRS
_b30
999 _c19508
_d19508